00949nab a2200169 i 4500001001000000003001000010005001700020008004100037040003000078041000800108100002600116245007900142520033600221650005000557650001900607773015300626768714001CO-MdFUSB20240506101531.0240430t1965 sp ||||| |||| 00| 0 spa d bspacCO-MdFUSBdCO-MdFUSB aspa aDombois, Hans,eautor 4aLos matrimonios mixtos desde el punto de vista protestantec/ Hans Dombois aEste artículo habla de los matrimonios mixtos y, aclara que estos no requieren una solución inmediata. Es fácil entender que esta cuestión presenta diferentes matices en las diversas iglesias del mundo. Cabe señalar que, no es necesario diseñar reglas extraordinarias para dar solución según la religión o lugar. 7aMatrimonioxAspectos religiososbCristianismo 0aProtestantismo0 049450oR2494tRevista internacional de teología Conciliumw(CO-MdFUSB)8x0210-1041gNúmero 4, (abril, 1965), páginas: 106 - 117qpágina: 116